00673nam a2200157 a 450000100100000000500170001000800410002702000180006804000250008610000370011124501140014826000870026230000440034995201050039399900170049800003389320200930070614.0110914s2007 cl acd 000 0 spa d a9789589515396 aDO-SdBNPbspacBNPHU1 aSánchez, Carlos Augusto95932910aEconomía y sociedad prehispánica :bel uso de la tierra en el Alto Magdalena /cCarlos Augusto Sánchez. aBogotá :bFundación de Investigaciones,c2007.fPanamericana Formas e Impresos a120 p. :bil. gráf., retrs. ;c23 cm. 001050718MOaGRbGRcCTd2011-09-14iLF1l0o p33893-10r2020-06-25w2020-06-25y1ZNo se presta c33384d33384